| 000 | 00631nam a2200229Ia 4500 | ||
|---|---|---|---|
| 003 | OSt | ||
| 005 | 20220926012138.0 | ||
| 006 | a|||||r|||| 00| 0 | ||
| 007 | ta | ||
| 008 | 220923b |||||||| |||| 00| 0 eng d | ||
| 037 | _cGeneral Book | ||
| 040 |
_aRTL _cRTL _beng |
||
| 041 |
_2eng _aeng |
||
| 082 | _aS8:86, L8.31 | ||
| 100 |
_aMORENO Zerka T Ed. _9315609 |
||
| 245 | 0 | _aGroup psycholtherapy psychodrama and sociology. | |
| 260 |
_aNew York _bBeacon House _c1978 |
||
| 300 |
_a210p. _ccm. |
||
| 490 | _vVol.31 | ||
| 942 |
_hS8:86, L8.31 _cGB _2CC |
||
| 999 |
_c621866 _d621866 |
||